000 00593nam a2200229Ia 4500
003 OSt
005 20221005131122.0
006 a|||||r|||| 00| 0
007 ta
008 221004b |||||||| |||| 00| 0 eng d
024 _a71004
037 _cTextual
040 _aCRL
_cCRL
_beng
041 _2eng
_aeng
082 _aY1:45:SM955, J0
100 _aDe River J. Paul
_9639126
245 0 _aSexual criminal
_b A psychoanalytical study
260 _c1950
650 _aSOCIOLOGY
942 _hY1:45:SM955, J0
_cTEXL
_2cc
999 _c1059390
_d1059390